[Event "Struga Lake Queen U18 op"]
[Site "Struga"]
[Date "2023.09.09"]
[Round "5"]
[White "Roko, Laert"]
[Black "Lisha, Dion"]
[Result "0-1"]
[WhiteElo "1305"]
[BlackElo "1266"]
[PlyCount "76"]
[EventDate "2023.09.08"]
[EventType "swiss"]
[EventRounds "6"]
[EventCountry "MKD"]
[SourceTitle "EXT 2024"]
[Source "ChessBase"]
[SourceDate "2023.10.10"]
[SourceVersion "1"]
[SourceVersionDate "2023.10.10"]
[SourceQuality "1"]

1. e4 e5 2. Nf3 Nc6 3. Bc4 Bc5 4. c3 Nf6 5. d3 d6 6. 0-0 h6 7. Be3 Bxe3 8. fxe3 0-0 9. Nbd2 d5 10. exd5 Nxd5 11. Qe2 Nb6 12. Bb3 Qe7 13. e4 Be6 14. Bxe6 Qxe6 15. d4 Qe7 16. d5 Nd8 17. c4 c5 18. b3 Nd7 19. h3 Nf6 20. Nh2 g6 21. Ng4 Nxg4 22. Qxg4 Kg7 23. Rf2 b6 24. Raf1 Nb7 25. Nf3 Nd6 26. Nh4 Qg5 27. Re2 Qxg4 28. hxg4 a6 29. a4 b5 30. axb5 axb5 31. Rc1 bxc4 32. bxc4 Ra4 33. Nf3 f6 34. Nd2 Rb8 35. Re3 Rb2 36. Rd3 Raa2 37. Nb3 Rxg2+ 38. Kh1 Nxe4 0-1

[Event "Struga Lake Queen U18 op"]
[Site "Struga"]
[Date "2023.09.09"]
[Round "4"]
[White "Stojcheski, Aleksandar"]
[Black "Roko, Laert"]
[Result "1-0"]
[WhiteElo "1288"]
[BlackElo "1305"]
[PlyCount "67"]
[EventDate "2023.09.08"]
[EventType "swiss"]
[EventRounds "6"]
[EventCountry "MKD"]
[SourceTitle "EXT 2024"]
[Source "ChessBase"]
[SourceDate "2023.10.10"]
[SourceVersion "1"]
[SourceVersionDate "2023.10.10"]
[SourceQuality "1"]

1. e4 e5 2. Nf3 Nc6 3. d4 exd4 4. Bc4 Bc5 5. c3 Nf6 6. e5 d5 7. Bb5 Ne4 8. cxd4 Bb4+ 9. Bd2 Nxd2 10. Nbxd2 Bg4 11. Qa4 Bd7 12. 0-0 Bxd2 13. Nxd2 a6 14. Bxc6 Bxc6 15. Qb4 Qe7 16. Qxe7+ Kxe7 17. Nb3 Bb5 18. Rfc1 c6 19. Na5 Rab8 20. a4 Bd3 21. Rc3 Bf5 22. Rb3 Rhc8 23. Rc1 Bd7 24. Nxb7 Rc7 25. Nc5 Rxb3 26. Nxb3 Rb7 27. Rc3 Rb4 28. a5 Bf5 29. h3 Kd8 30. Nc5 Rxb2 31. Nxa6 Ra2 32. Nb4 Ra4 33. Nxc6+ Kd7 34. a6 1-0

[Event "Struga Lake Queen U18 op"]
[Site "Struga"]
[Date "2023.09.08"]
[Round "1"]
[White "Roko, Laert"]
[Black "Uruci, Valentin"]
[Result "1-0"]
[WhiteElo "1305"]
[BlackElo "1607"]
[PlyCount "95"]
[EventDate "2023.09.08"]
[EventType "swiss"]
[EventRounds "6"]
[EventCountry "MKD"]
[SourceTitle "EXT 2024"]
[Source "ChessBase"]
[SourceDate "2023.10.10"]
[SourceVersion "1"]
[SourceVersionDate "2023.10.10"]
[SourceQuality "1"]

1. e4 d5 2. exd5 Qxd5 3. Nc3 Qa5 4. d4 Nf6 5. Nf3 Bg4 6. Be2 e6 7. h3 Bh5 8. 0-0 Nbd7 9. Bf4 c6 10. Ne5 Bxe2 11. Qxe2 Nd5 12. Nxd5 cxd5 13. Nxd7 Kxd7 14. c4 dxc4 15. Qxc4 Rc8 16. Qb3 Qb4 17. Qf3 f6 18. Rac1 Be7 19. d5 Rxc1 20. Rxc1 Bc5 21. dxe6+ Kxe6 22. Qe2+ Kd7 23. Qg4+ Kc6 24. Be3 Qxg4 25. Rxc5+ Kd6 26. hxg4 Re8 27. Rc3 b6 28. Kf1 Re4 29. f3 Rb4 30. b3 Rb5 31. Bf4+ Kd5 32. Rc7 g5 33. Bg3 Ra5 34. a4 Rc5 35. Rxa7 Rc1+ 36. Be1 h6 37. Ra6 Kc5 38. b4+ Kd4 39. Rxb6 Ke5 40. a5 f5 41. Rb5+ Kd4 42. gxf5 Ke3 43. Re5+ Kf4 44. Rc5 Rd1 45. f6 g4 46. f7 gxf3 47. f8Q+ Kg4 48. Qxf3# 1-0